Integrovaný systém riadenia výrobných procesov v cementárňach

Enregistré dans:
Détails bibliographiques
Format: Livre
Langue:slovaque
Publié: Bratislava Dom techniky ČSVTS 1979
Tags: Ajouter un tag
Pas de tags, Soyez le premier à ajouter un tag!

MARC

LEADER 00000nam a2200000 4500
001 0222167
005 20240822101700.4
041 0 |a slo 
044 |a SK 
245 1 0 |a Integrovaný systém riadenia výrobných procesov v cementárňach 
264 1 |a Bratislava  |b Dom techniky ČSVTS  |c 1979 
300 |a 112 s.